000 01540nam a2200349Ia 4500
005 20220317001052.0
008 160825s2008 mx a g 000 0 spa
020 _a97897015127012
082 0 4 _aR 511.0212
_bG23m
100 1 _aGieck, Kurt
245 1 0 _aManual de fórmulas técnicas
_bciencia, ingeniería, tecnología
_cKurt Gieck, Reiner Gieck ; traducido por Víctor Gerez Greiser, José de la Cera Alonso
250 _a31a. edición
_b1a. reimpresión
300 _a600 páginas
_bilustraciones, gráficas, tablas
_c15 cm
500 _aEdición ampliada
505 _aMetrología, el S.I. -- Matemáticas. Estadísticas -- Física. Ingeniería -- Tecnología Industrial -- Materiales. Propiedades -- Tecnología -- Tablas
534 _tTechnische formelsammlung
650 1 4 _2LEMB
_aFórmulas matemáticas
650 1 4 _2LEMB
_aFórmulas trigonométricas
650 1 4 _2LEMB
_aFórmulas estadísticas
650 1 4 _2LEMB
_aFórmulas físicas
650 1 4 _2LEMB
_aFórmulas químicas
650 1 4 _2LEMB
_aFórmulas geométricas
700 1 _aGieck, Reiner
_965246
700 1 _aGerez Greiser, Victor
_965247
740 _aMetrología, el S.I.
_aMatemáticas. Estadísticas
_aFísica. Ingeniería
_aTecnología Industrial
_aMateriales. Propiedades
_aTecnología
_aMatemáticas
_aTablas
942 _2ddc
_cREF
264 _aMéxico
_bAlfaomega
_c2008
336 _atexto
_btxt
_2rdacontent
337 _asin mediación
_bn
_2rdamedia
338 _avolumen
_bnc
_2rdacarrier
040 _aCO-BoRNBP
_bspa
_erda
_cCO-BoRNBP
999 _c5843
_d5843